Normal view
MARC view
Entry Personal Name
001 - CONTROL NUMBER
- control field: 45768
003 - CONTROL NUMBER IDENTIFIER
- control field: ARRUPE
005 - DATE AND TIME OF LATEST TRANSACTION
- control field: 20190403102516.0
008 - FIXED-LENGTH DATA ELEMENTS
- fixed length control field: 190403|| aca||aabn | a|a d
040 ## - CATALOGING SOURCE
- Original cataloging agency: ARRUPE
- Transcribing agency: ARRUPE
100 ## - HEADING--PERSONAL NAME
- Personal name: McKeachie, Wilbert James,
- Dates associated with a name: 1921-
- Relator term: author.
670 ## - SOURCE DATA FOUND
- Source citation: Work cat.: (ARRUPE)0: Svinicki, Marilla D., 1946- author. 45766, McKeachie's teaching tips :, 2014